Sách tra cứu thủy lực.T.3 /

Salvato in:
Dettagli Bibliografici
Autore principale: E.Ideltric I.
Altri autori: Nguyễn Tài (Tác giả)
Natura: Libro
Lingua:Vietnamese
Pubblicazione: H. : Khoa học và kỹ thuật , 1987
Edizione:In lần thứ 1
Soggetti:
Tags: Aggiungi Tag
Nessun Tag, puoi essere il primo ad aggiungerne! !
Thư viện lưu trữ: Thư viện Trường CĐ Kỹ Thuật Cao Thắng
LEADER 00701nam a2200205 a 4500
001 TVCDKTCT802
003 Thư viện trường Cao đẳng Kỹ thuật Cao Thắng
005 20050804000000
008 050804
980 \ \ |a Thư viện Trường CĐ Kỹ Thuật Cao Thắng 
024 |a RG_1 #1 eb0 i1 
041 0 # |a vie 
082 # # |a 623.82 /   |b NG527T-s 
100 1 # |a E.Ideltric I. 
245 0 0 |a Sách tra cứu thủy lực.T.3 /  |c E.Ideltric I., Nguyễn Tài 
250 # # |a In lần thứ 1 
260 # # |a H. :  |b Khoa học và kỹ thuật ,  |c 1987 
300 # # |a 199tr. ;  |c 12cm 
650 # 4 |a Dòng chảy--Sức cản--Thủy lực 
700 0 # |a Nguyễn Tài,   |e Tác giả